000 00301nam a22001337a 4500
008 170413b xxu||||| |||| 00| 0 eng d
020 _a9780534589868
041 _aeng
080 _a612.39
100 _a10
101 _aSHM
245 _aNUTRITION THROUGH LIFE CYCLE
_cBROWN, J.E
942 _2udc
_cBK
999 _c10660
_d10660